00445nam a2200181Ia 4500008004100000020001800041041000800059082001600067100001300083245005300096250001200149260003400161300000900195500002300204500000800227650001500235700001300250230125s9999 xx 000 0 und d a1-85805-005-7 aeng a650.01bhil aHillas J aDiscovering the world of business : General NVQ a1st Ed. c1993bDP publicationsaLondon a279p aBsiness management aIBM aManagement aHillas J